| 000 | 00903cam a2200229 4500 | ||
|---|---|---|---|
| 001 | WB3731-26 | ||
| 008 | 010809n2001 000 0 eng u | ||
| 035 | _a(Sirsi) u114040 | ||
| 245 | _aSocial landlords' boards | ||
| 260 | _c2001 | ||
| 490 |
_aRegeneration and Renewal _v3 August 2001, 6(1) |
||
| 520 | _aA study into race and housing calls for the boards of registered social landlords (RSLs) to reflecti more the composition of their communities, and for RSLs to educate board members on race equality. "Race and housing inquiry: challenge report 2001" available from the National Housing Federation, tel: 020 7843 2253. | ||
| 590 | _aWB | ||
| 650 | _aREGISTERED SOCIAL LANDLORDS | ||
| 650 | _aRSLS | ||
| 650 | _aRACIAL EQUALITY | ||
| 650 | _aSOCIAL HOUSING | ||
| 650 | _aEQUAL OPPORTUNITIES | ||
| 650 | _aNEIGHBOURHOOD RENEWAL | ||
| 690 |
_aAffordable housing _96215 |
||
| 942 | _n0 | ||
| 999 |
_c67973 _d67973 |
||